[Event "ch-RUS Blitz Women 2017"]
[Site "Sochi RUS"]
[Date "2017.10.02"]
[Round "17.9"]
[White "Semenova, Elena1"]
[Black "Kovanova, Baira"]
[Result "1-0"]
[WhiteTitle "WIM"]
[BlackTitle "WGM"]
[WhiteElo "2256"]
[BlackElo "2371"]
[WhiteFideId "24125148"]
[BlackFideId "4164083"]
[EventDate "2017.10.02"]
[EventType "blitz"]

1. e4 e5 2. Nf3 d6 3. d4 exd4 4. Nxd4 Nf6 5. Nc3 Be7 6. Bc4 O-O 7. O-O a6 8. a4
Bg4 9. f3 Bd7 10. Be3 Re8 11. Qd2 h6 12. Kh1 Bf8 13. a5 c5 14. Nde2 Nc6 15. Nd5
Nxd5 16. Bxd5 Qf6 17. c3 Qd8 18. c4 Rb8 19. Bf4 Nb4 20. Rfd1 Qf6 21. Bg3 Nxd5
22. Qxd5 Qxb2 23. Qd3 Be6 24. Rdb1 Qf6 25. Nc3 Red8 26. Rb6 Rd7 27. Rab1 Qd8 28.
h3 g6 29. Kh2 Qf6 30. Nd5 Bxd5 31. Qxd5 Qe7 32. Rxa6 Rbd8 33. Rab6 Ra8 34. Rxb7
Rxa5 35. Rxd7 Qxd7 36. Rb7 Qe8 37. Bxd6 Ra8 38. Bxf8 Qxf8 39. Rxf7 Qxf7 40.
Qxa8+ Kh7 41. Qd5 Qf4+ 42. Kg1 Qe3+ 43. Kf1 Qc1+ 44. Kf2 Qb2+ 45. Kg3 Qb8+ 46.
e5 Qf8 47. Qd6 Qf5 48. Qf6 Qb1 49. Qf7+ Kh8 50. e6 Qf1 51. Qf6+ Kh7 52. Qe5 Qxc4
53. e7 1-0

[Event "ch-RUS Blitz Women 2017"]
[Site "Sochi RUS"]
[Date "2017.10.02"]
[Round "17.10"]
[White "Belova, Olga"]
[Black "Travkina, Anastasia"]
[Result "1/2-1/2"]
[WhiteTitle "WFM"]
[BlackTitle "WFM"]
[WhiteElo "2094"]
[BlackElo "2221"]
[WhiteFideId "4138422"]
[BlackFideId "24129151"]
[EventDate "2017.10.02"]
[EventType "blitz"]

1. e4 c5 2. Nf3 d6 3. d4 cxd4 4. Nxd4 Nf6 5. Nc3 g6 6. Be2 Bg7 7. O-O O-O 8. Bg5
Nc6 9. Nb3 b6 10. Re1 Bb7 11. Bf1 h6 12. Bh4 Rc8 13. Nd5 g5 14. Bg3 Ne5 15. c3
Ng6 16. Nxf6+ Bxf6 17. Nd4 e6 18. Nb5 d5 19. Nd6 Rc7 20. Nxb7 Rxb7 21. Ba6 Re7
22. exd5 Qxd5 23. Qh5 Bg7 24. Red1 Qa5 25. Bd3 Ne5 26. Bxe5 Qxe5 27. Re1 Qc5 28.
Rad1 Ree8 29. Qf3 f5 30. Bc2 Kh8 31. Bb3 e5 32. Rd5 Qc7 33. Red1 e4 34. Qe2 Rd8
35. Qd2 Rxd5 36. Qxd5 Be5 37. h3 Bg7 38. Qe6 Qe5 39. Qd7 a5 40. Rd5 Qe8 41. Qb7
Rf7 42. Qxb6 Rd7 43. Rxd7 Qxd7 44. Qb8+ Kh7 45. Qg8+ Kg6 46. Qe6+ Qxe6 47. Bxe6
Kf6 48. Bc4 Ke7 49. Kf1 a4 50. a3 Kd6 51. Bb5 Ke5 52. Bxa4 f4 53. Bb5 Bf8 54.
Ke2 Kd5 55. a4 Kc5 56. Be8 Bg7 57. a5 Be5 58. b4+ Kc4 59. a6 Bb8 60. b5 Ba7 61.
Kd2 e3+ 62. fxe3 fxe3+ 63. Ke2 Kxc3 64. Bc6 Kd4 65. Be8 Ke5 66. Bh5 Kd4 67. Kd1
Kd3 68. Be2+ Ke4 69. g3 Kd4 70. Kc2 Kc5 71. Kc3 Kb6 72. Kb4 Bb8 73. Kc4 Bxg3 74.
Kd5 Bb8 75. Ke4 Bf4 76. Kf5 h5 77. Kg6 h4 78. Kf5 Ka7 79. Ke6 Kb6 80. Kd5 Bb8
81. Ke4 Bf4 82. Kd5 Bb8 83. Ke4 Bf4 1/2-1/2

[Event "ch-RUS Blitz Women 2017"]
[Site "Sochi RUS"]
[Date "2017.10.02"]
[Round "17.11"]
[White "Tomilova, Elena"]
[Black "Bykova, Anastasia"]
[Result "1-0"]
[WhiteTitle "WIM"]
[BlackTitle "WFM"]
[WhiteElo "2307"]
[BlackElo "2234"]
[WhiteFideId "4162340"]
[BlackFideId "4164970"]
[EventDate "2017.10.02"]
[EventType "blitz"]

1. c4 c6 2. Nf3 d5 3. e3 Nf6 4. Nc3 g6 5. d4 Bg7 6. Bd3 O-O 7. O-O Bg4 8. h3
Bxf3 9. Qxf3 e6 10. b3 c5 11. Bb2 cxd4 12. exd4 Nc6 13. cxd5 Nxd5 14. Ne2 Qd7
15. Rac1 Ndb4 16. Bb1 Rac8 17. a3 Nd5 18. Rfd1 Rfd8 19. h4 h5 20. g3 Nde7 21.
Qe3 Kh7 22. b4 Bh6 23. Nf4 Nd5 24. Qf3 Nxf4 25. gxf4 Ne7 26. d5 Rxc1 27. Bxc1
Nxd5 28. Qxh5 Rc8 29. Bb2 Qe7 30. Qg4 Nxf4 31. h5 Qg5 32. hxg6+ Nxg6 33. Qxg5
Bxg5 34. Rd7 Rd8 35. Rxf7+ Kh6 36. Kg2 Nh4+ 37. Kg3 b6 38. Rxa7 Nf5+ 39. Kg2 Rd1
40. Bxf5 exf5 41. Rb7 Rd6 42. Be5 Re6 43. f4 Bh4 44. b5 Be1 45. Kf3 Bd2 46. Rd7
Bc1 47. a4 Ba3 48. Rb7 Bc5 49. Rf7 Kg6 50. Rg7+ Kh6 51. Rg5 Re8 52. Rxf5 Ra8 53.
Rf6+ Kh5 54. Rc6 Rxa4 55. Bd6 Bg1 56. Bc7 Ra5 57. Bxb6 Bh2 58. Bxa5 1-0

[Event "ch-RUS Blitz Women 2017"]
[Site "Sochi RUS"]
[Date "2017.10.02"]
[Round "17.12"]
[White "Gritsayeva, Oksana"]
[Black "Kharmunova, Nadezhda"]
[Result "0-1"]
[WhiteTitle "WFM"]
[BlackTitle "WIM"]
[WhiteElo "2373"]
[BlackElo "2199"]
[WhiteFideId "14104652"]
[BlackFideId "4195876"]
[EventDate "2017.10.02"]
[EventType "blitz"]

1. e4 c5 2. Nf3 Nc6 3. Bb5 d6 4. Bxc6+ bxc6 5. O-O e5 6. c3 Nf6 7. Re1 Be7 8. d4
cxd4 9. cxd4 Qc7 10. Nc3 O-O 11. h3 Re8 12. b3 exd4 13. Nxd4 Bf8 14. Bb2 d5 15.
exd5 Rxe1+ 16. Qxe1 cxd5 17. Qe3 Bd7 18. Rd1 Re8 19. Qf3 Qc5 20. Nf5 Ne4 21.
Nxe4 Rxe4 22. Nh6+ gxh6 23. Qg3+ Bg4 24. hxg4 Qc2 25. Rxd5 Qxb2 26. Qf3 Qc1+ 27.
Kh2 Qf4+ 28. Qxf4 Rxf4 29. f3 Rf6 30. Rd7 Bc5 31. Rb7 Re6 32. b4 Bb6 33. a4 Re2
34. a5 Bd4 35. Rd7 Bf2 36. Kh3 Re1 37. g5 hxg5 38. Kg4 h6 39. Kf5 Kg7 40. b5 Rb1
41. Rb7 Ra1 42. a6 Rb1 43. Ke4 Bb6 44. g4 Rxb5 0-1

[Event "ch-RUS Blitz Women 2017"]
[Site "Sochi RUS"]
[Date "2017.10.02"]
[Round "17.13"]
[White "Belenkaya, Dina"]
[Black "Shaydullina, Sandugach"]
[Result "1-0"]
[WhiteTitle "WGM"]
[BlackTitle "WGM"]
[WhiteElo "2346"]
[BlackElo "2185"]
[WhiteFideId "24142654"]
[BlackFideId "4140389"]
[EventDate "2017.10.02"]
[EventType "blitz"]

1. e4 c5 2. Nf3 Nc6 3. Bb5 d6 4. O-O Bd7 5. Re1 Nf6 6. c3 a6 7. Bc4 Bg4 8. d4
cxd4 9. cxd4 Bxf3 10. gxf3 e5 11. d5 Ne7 12. f4 Ng6 13. f5 Ne7 14. f4 Nd7 15.
Nc3 Rc8 16. Bf1 g6 17. fxe5 Nxe5 18. Bf4 Qb6+ 19. Kh1 Qxb2 20. Qa4+ b5 21. Nxb5
axb5 22. Bxb5+ N7c6 23. dxc6 Be7 24. c7+ Kf8 25. Rac1 Kg7 26. Rc2 Ra8 27. Rxb2
Rxa4 28. Bxa4 Rc8 29. Bxe5+ dxe5 30. Rc2 Bd6 31. Rd1 Bxc7 32. Rdc1 Ra8 33. Rxc7
Rxa4 34. fxg6 hxg6 35. Rf1 Rxe4 36. Rcxf7+ Kh6 37. Kg2 Rg4+ 38. Kf3 Ra4 39. Rf2
g5 40. Kg3 Ra3+ 41. R7f3 Ra4 42. h3 Kh5 43. Rf8 Ra3+ 44. Kg2 e4 45. Rh8+ Kg6 46.
Re8 Ra4 47. Re2 Kf5 48. Rf8+ Kg6 49. Rf1 Kh5 50. Rf5 Kg6 51. Re5 e3 52. R5xe3
Kh5 53. Re5 Ra3 54. Re8 Kg6 1-0

[Event "ch-RUS Blitz Women 2017"]
[Site "Sochi RUS"]
[Date "2017.10.02"]
[Round "17.14"]
[White "Bezgodova, Svetlana"]
[Black "Potapova, Margarita"]
[Result "0-1"]
[WhiteTitle "WIM"]
[BlackTitle "WFM"]
[WhiteElo "2060"]
[BlackElo "2163"]
[WhiteFideId "4110650"]
[BlackFideId "14126869"]
[EventDate "2017.10.02"]
[EventType "blitz"]

1. Nf3 Nf6 2. g3 e6 3. Bg2 d5 4. O-O c5 5. d3 g6 6. Nbd2 Nc6 7. e4 Bg7 8. h4 O-O
9. c3 a5 10. e5 Ng4 11. d4 cxd4 12. cxd4 a4 13. a3 Qb6 14. Nb1 f6 15. exf6 Bxf6
16. Nc3 Nxd4 17. Nxa4 Rxa4 18. Qxa4 Ne2+ 19. Kh1 Nxf2+ 20. Kh2 e5 21. Bh6 Ng4+
22. Kh1 Nxg3# 0-1

[Event "ch-RUS Blitz Women 2017"]
[Site "Sochi RUS"]
[Date "2017.10.02"]
[Round "17.15"]
[White "Nebolsina, Vera"]
[Black "Strukova, Ksenia"]
[Result "0-1"]
[WhiteTitle "WGM"]
[WhiteElo "2220"]
[BlackElo "2052"]
[WhiteFideId "4163591"]
[BlackFideId "34106623"]
[EventDate "2017.10.02"]
[EventType "blitz"]

1. e4 g6 2. d4 Bg7 3. Nc3 e6 4. f4 d5 5. Nf3 dxe4 6. Nxe4 Nc6 7. c3 Nge7 8. Bd3
Nf5 9. O-O O-O 10. Bc2 b6 11. Qe1 Bb7 12. g4 Nd6 13. Ng3 Ne7 14. a4 a5 15. Bd2
Nc4 16. Bc1 Nd5 17. b3 Nd6 18. Bd2 c5 19. Rd1 c4 20. Qe2 Rc8 21. bxc4 Nxc4 22.
Ne5 Nxe5 23. fxe5 Nxc3 24. Bxc3 Rxc3 25. Be4 Bxe4 26. Nxe4 Rc7 27. Nf6+ Bxf6 28.
exf6 Qd5 29. Qe3 Rc2 30. Rf2 Rxf2 31. Kxf2 g5 32. h4 Rc8 33. hxg5 Rc2+ 34. Rd2
Rc1 35. Rb2 Qh1 36. Qe5 Qg1+ 37. Kf3 Rf1+ 0-1

[Event "ch-RUS Blitz Women 2017"]
[Site "Sochi RUS"]
[Date "2017.10.02"]
[Round "17.16"]
[White "Chan, Naruna"]
[Black "Protopopova, Anastasiya"]
[Result "0-1"]
[BlackTitle "WFM"]
[WhiteElo "1982"]
[BlackElo "2219"]
[WhiteFideId "24124290"]
[BlackFideId "24172073"]
[EventDate "2017.10.02"]
[EventType "blitz"]

1. e4 e5 2. Nf3 Nc6 3. Bb5 a6 4. Ba4 Nf6 5. O-O Be7 6. Bxc6 dxc6 7. d3 Qd6 8.
Nbd2 b5 9. Re1 O-O 10. h3 Re8 11. Nf1 Bf8 12. Ng3 c5 13. a4 Bd7 14. a5 Be6 15.
c3 Rad8 16. d4 cxd4 17. cxd4 c6 18. Qc2 Qc7 19. dxe5 Nd7 20. Bf4 c5 21. Nf5 Nb8
22. Ng5 Nc6 23. Nd6 Bxd6 24. exd6 Qd7 25. Qxc5 Rc8 26. Qe3 h6 27. Nf3 Red8 28.
e5 Bc4 29. Nd4 Nxd4 30. Qxd4 Qe6 31. Bg3 Rd7 32. Rac1 Rcd8 33. Rc3 h5 34. Qe3
Qg6 35. Bh4 Re8 36. Be7 Qe6 37. b3 Bd5 38. Rd1 Qg6 39. f3 Qe6 40. Qd3 Bb7 41.
Qd4 Rexe7 42. dxe7 Rxd4 43. Rxd4 Qxe7 44. f4 b4 45. Rcd3 Bc6 46. Rd6 Bb5 47.
R3d4 Qc7 48. Rd8+ Kh7 0-1

[Event "ch-RUS Blitz Women 2017"]
[Site "Sochi RUS"]
[Date "2017.10.02"]
[Round "18.1"]
[White "Kashlinskaya, Alina"]
[Black "Bodnaruk, Anastasia"]
[Result "1-0"]
[WhiteTitle "IM"]
[BlackTitle "IM"]
[WhiteElo "2455"]
[BlackElo "2432"]
[WhiteFideId "4198026"]
[BlackFideId "4181751"]
[EventDate "2017.10.02"]
[EventType "blitz"]

1. d4 d6 2. e4 Nf6 3. Nc3 g6 4. Be3 Bg7 5. Qd2 a6 6. Bh6 O-O 7. Bxg7 Kxg7 8. Nf3
b5 9. Bd3 Bb7 10. e5 dxe5 11. dxe5 Ne8 12. h4 h5 13. O-O-O c5 14. Qg5 Qc7 15. e6
f5 16. Ne2 Rf6 17. Nf4 Kh7 18. Nxg6 Be4 19. Qxh5+ Kg7 20. Qh8+ Kxg6 21. h5# 1-0

[Event "ch-RUS Blitz Women 2017"]
[Site "Sochi RUS"]
[Date "2017.10.02"]
[Round "18.2"]
[White "Bivol, Alina"]
[Black "Goryachkina, Aleksandra"]
[Result "0-1"]
[WhiteTitle "WGM"]
[BlackTitle "WGM"]
[WhiteElo "2356"]
[BlackElo "2478"]
[WhiteFideId "4100123"]
[BlackFideId "4147103"]
[EventDate "2017.10.02"]
[EventType "blitz"]

1. e4 Nf6 2. Nc3 d5 3. e5 d4 4. exf6 dxc3 5. bxc3 exf6 6. Nf3 Bd6 7. Be2 O-O 8.
O-O Nd7 9. Rb1 b6 10. d4 Bb7 11. c4 c5 12. d5 Re8 13. h3 Nf8 14. Nh4 Bc8 15. Bd3
Bd7 16. Nf5 Bxf5 17. Bxf5 Qc7 18. Qf3 Rad8 19. Bd2 Nd7 20. Bxd7 Qxd7 21. Rb3 Re7
22. Ra3 Rde8 23. Be3 Re4 24. Qe2 f5 25. f3 R4e7 26. f4 Re4 27. g3 Qe7 28. Rf3
Bb8 29. Qd3 Qf6 30. Kf2 h5 31. h4 Qe7 32. Qf1 Bd6 33. Qd3 Qc7 34. Qf1 R8e7 35.
Qd3 Qd7 36. Qf1 Qe8 37. Qd3 Rd7 38. Qf1 Be7 39. Bd2 Bf6 40. Be3 Rde7 41. Qd3 g6
42. Kg2 Bd4 43. Bxd4 0-1

[Event "ch-RUS Blitz Women 2017"]
[Site "Sochi RUS"]
[Date "2017.10.02"]
[Round "18.3"]
[White "Charochkina, Daria"]
[Black "Voit, Daria"]
[Result "1-0"]
[WhiteTitle "IM"]
[BlackTitle "FM"]
[WhiteElo "2321"]
[BlackElo "2387"]
[WhiteFideId "4180917"]
[BlackFideId "4182146"]
[EventDate "2017.10.02"]
[EventType "blitz"]

1. d4 Nf6 2. Bf4 b6 3. Nf3 Bb7 4. e3 e6 5. h3 c5 6. c3 Be7 7. Bd3 d6 8. O-O Nbd7
9. Nbd2 O-O 10. a4 a6 11. Qe2 Ra7 12. Nc4 d5 13. Nce5 Ne4 14. Nxd7 Qxd7 15. Ne5
Qc8 16. f3 Nd6 17. e4 f6 18. Ng4 cxd4 19. cxd4 dxe4 20. fxe4 Qd7 21. e5 Nf5 22.
exf6 Qxd4+ 23. Kh2 Bxf6 24. Qxe6+ Kh8 25. Qxf5 g6 26. Qxf6+ Rxf6 27. Be5 Qxd3
28. Bxf6+ Kg8 29. Nh6+ Kf8 30. Rad1 Be4 31. Rxd3 Bxd3 32. Rc1 Bf5 33. Nxf5 gxf5
34. Rc6 b5 35. a5 Kf7 36. Be5 Re7 37. Rc7 1-0

[Event "ch-RUS Blitz Women 2017"]
[Site "Sochi RUS"]
[Date "2017.10.02"]
[Round "18.4"]
[White "Girya, Olga"]
[Black "Pogonina, Natalija"]
[Result "1-0"]
[WhiteTitle "WGM"]
[BlackTitle "WGM"]
[WhiteElo "2505"]
[BlackElo "2466"]
[WhiteFideId "4195752"]
[BlackFideId "4147855"]
[EventDate "2017.10.02"]
[EventType "blitz"]

1. d4 Nf6 2. c4 e6 3. Nf3 d5 4. Nc3 Nbd7 5. Bg5 Be7 6. e3 O-O 7. Qc2 b6 8. cxd5
exd5 9. Bd3 c5 10. Ne5 h6 11. Nc6 Qe8 12. Nxe7+ Qxe7 13. Nxd5 Qd6 14. Nxf6+ Nxf6
15. Bf4 Qd5 16. dxc5 Qxg2 17. O-O-O Qc6 18. Rhg1 Kh8 19. Be5 Bb7 20. Rxg7 Kxg7
21. Rg1+ Kh8 22. Qc3 1-0

[Event "ch-RUS Blitz Women 2017"]
[Site "Sochi RUS"]
[Date "2017.10.02"]
[Round "18.5"]
[White "Ubiennykh, Ekaterina"]
[Black "Nechaeva, Marina"]
[Result "0-1"]
[WhiteTitle "WIM"]
[BlackTitle "IM"]
[WhiteElo "2308"]
[BlackElo "2431"]
[WhiteFideId "4137582"]
[BlackFideId "4149351"]
[EventDate "2017.10.02"]
[EventType "blitz"]

1. d4 d5 2. c4 c6 3. Nf3 Nf6 4. e3 Bf5 5. Nc3 e6 6. Nh4 Be4 7. f3 Bg6 8. Qb3 Qc7
9. Bd2 Be7 10. O-O-O Nfd7 11. Nxg6 hxg6 12. cxd5 cxd5 13. Kb1 Nc6 14. Rc1 a6 15.
Bd3 Qb6 16. Qxb6 Nxb6 17. h3 Rc8 18. Be1 O-O 19. Bf2 Rfd8 20. Rhd1 Nb4 21. Be2
Nc4 22. e4 Bg5 23. a3 Bxc1 24. Rxc1 Nd2+ 25. Ka1 Nb3+ 26. Kb1 Nxc1 27. Kxc1 Na2+
28. Kd2 Nxc3 29. bxc3 Rc6 30. Kc2 Rdc8 31. Be1 Kf8 32. Bd2 Ke7 33. a4 Rb6 34.
Bc1 Rc4 35. a5 Rb5 36. Ba3+ Kd7 37. Bxc4 dxc4 38. Bb4 Rh5 39. Bf8 Rxa5 40. Kb2
Rb5+ 41. Kc2 a5 42. Bxg7 a4 43. Bf8 Rb3 0-1

[Event "ch-RUS Blitz Women 2017"]
[Site "Sochi RUS"]
[Date "2017.10.02"]
[Round "18.6"]
[White "Drozdova, Dina"]
[Black "Ambartsumova, Karina"]
[Result "1-0"]
[WhiteTitle "WIM"]
[BlackTitle "WGM"]
[WhiteElo "2209"]
[BlackElo "2359"]
[WhiteFideId "4170695"]
[BlackFideId "4166299"]
[EventDate "2017.10.02"]
[EventType "blitz"]

1. d4 Nf6 2. c4 d6 3. Nc3 e5 4. d5 Nbd7 5. e4 Nc5 6. Bd3 a5 7. Nge2 g6 8. O-O
Bg7 9. b3 O-O 10. Bc2 Ne8 11. Be3 f5 12. exf5 Bxf5 13. Qd2 Qd7 14. Ng3 Bxc2 15.
Qxc2 b6 16. Rae1 Nf6 17. Bxc5 bxc5 18. Nge4 Nxe4 19. Nxe4 a4 20. Ng5 Rfb8 21.
Ne6 axb3 22. axb3 Ra3 23. Re3 c6 24. h4 cxd5 25. cxd5 Bh6 26. Rg3 Kh8 27. h5
gxh5 28. Qf5 Rg8 29. Qf6+ Bg7 30. Nxg7 Rxg7 31. Qf8+ 1-0

[Event "ch-RUS Blitz Women 2017"]
[Site "Sochi RUS"]
[Date "2017.10.02"]
[Round "18.7"]
[White "Vasilevich, Tatjana"]
[Black "Styazhkina, Anna"]
[Result "1-0"]
[WhiteTitle "IM"]
[BlackTitle "WIM"]
[WhiteElo "2360"]
[BlackElo "2301"]
[WhiteFideId "14101610"]
[BlackFideId "24119300"]
[EventDate "2017.10.02"]
[EventType "blitz"]

1. d4 d5 2. c4 c6 3. Nf3 Nf6 4. e3 Bf5 5. Nc3 a6 6. Be2 h6 7. O-O e6 8. c5 Be7
9. b4 O-O 10. Bd2 Nbd7 11. h3 Ne4 12. a4 Bf6 13. Qb3 Nxd2 14. Nxd2 e5 15. Nf3
exd4 16. exd4 Re8 17. b5 axb5 18. axb5 Be4 19. Qb4 Nf8 20. Nd2 Bf5 21. Nb3 Ne6
22. Bf3 Ng5 23. Bg4 Bd3 24. Rxa8 Qxa8 25. Ra1 Qd8 26. bxc6 bxc6 27. Qb7 Bc4 28.
Na5 Bxd4 29. Nxc6 Qf6 30. Nxd4 Qxd4 31. Ra8 Rxa8 32. Qxa8+ Kh7 33. Na4 Qa1+ 34.
Kh2 Bb3 35. Nb6 Qe5+ 36. Kg1 Qe1+ 37. Kh2 Qxf2 38. Qb8 Qxc5 39. Nd7 Qc4 40. Nf8+
Kg8 41. Ng6+ Kh7 42. Nf8+ Kg8 43. Nd7+ Kh7 44. Nf8+ Kg8 45. Ng6+ Kh7 46. Nf8+
Kg8 47. Ng6+ Kh7 48. Nf8+ Kg8 49. Bf5 g6 50. Nxg6+ Kg7 51. Qh8# 1-0

[Event "ch-RUS Blitz Women 2017"]
[Site "Sochi RUS"]
[Date "2017.10.02"]
[Round "18.8"]
[White "Maltsevskaya, Aleksandra"]
[Black "Sukhareva, Evgeniya"]
[Result "1-0"]
[WhiteElo "2260"]
[BlackElo "2207"]
[WhiteFideId "24174041"]
[BlackFideId "4167155"]
[EventDate "2017.10.02"]
[EventType "blitz"]

1. e4 e5 2. Nf3 Nc6 3. Bb5 Nge7 4. c3 g6 5. d4 exd4 6. cxd4 a6 7. Ba4 b5 8. Bb3
Bg7 9. d5 Ne5 10. Nxe5 Bxe5 11. f4 Bg7 12. Nc3 d6 13. O-O b4 14. Ne2 f5 15. e5
O-O 16. Be3 Kh8 17. exd6 cxd6 18. Bd4 a5 19. Bxg7+ Kxg7 20. Nd4 Qb6 21. Re1 Ra7
22. Kh1 Kg8 23. Rc1 Ba6 24. Nc6 Nc8 25. Re6 Bb5 26. Nxa7 Qxa7 27. Qc2 Qd4 28.
Rd1 Qxf4 29. Qc7 Qg4 30. Rde1 a4 31. Bd1 Qh4 32. Bf3 a3 33. bxa3 bxa3 34. Qb7
Bd3 35. Re8 Be4 36. Rxf8+ Kxf8 37. Qxc8+ Kg7 38. Qc3+ Kh6 39. Bxe4 fxe4 40. Qe3+
g5 41. Qxe4 1-0

[Event "ch-RUS Blitz Women 2017"]
[Site "Sochi RUS"]
[Date "2017.10.02"]
[Round "18.9"]
[White "Kovanova, Baira"]
[Black "Semenova, Elena1"]
[Result "1/2-1/2"]
[WhiteTitle "WGM"]
[BlackTitle "WIM"]
[WhiteElo "2371"]
[BlackElo "2256"]
[WhiteFideId "4164083"]
[BlackFideId "24125148"]
[EventDate "2017.10.02"]
[EventType "blitz"]

1. Nf3 Nf6 2. g3 b6 3. Bg2 Bb7 4. d3 g6 5. e4 d6 6. O-O Bg7 7. Nc3 O-O 8. h3 c5
9. Be3 Nc6 10. Qd2 e5 11. Nh4 Nd4 12. Bg5 Qd7 13. Rac1 Ne6 14. Be3 d5 15. exd5
Nxd5 16. Nxd5 Bxd5 17. Bh6 Rad8 18. Bxg7 Kxg7 19. Qe3 f6 20. Rce1 Nd4 21. Rc1
Bxg2 22. Kxg2 Qd5+ 23. Qe4 f5 24. Qxd5 Rxd5 25. Nf3 Kf6 26. Rfe1 Nxf3 27. Kxf3
Rd4 28. Re2 Re8 29. Rce1 h5 30. h4 b5 31. a3 Re6 32. Kg2 Rdd6 33. Kf3 a5 34. Kg2
a4 35. Kf1 Rb6 36. Ra1 Red6 37. Rae1 Re6 38. Ra1 Red6 39. Rae1 Re6 40. Ra1 1/2-1/2

[Event "ch-RUS Blitz Women 2017"]
[Site "Sochi RUS"]
[Date "2017.10.02"]
[Round "18.10"]
[White "Travkina, Anastasia"]
[Black "Belova, Olga"]
[Result "1-0"]
[WhiteTitle "WFM"]
[BlackTitle "WFM"]
[WhiteElo "2221"]
[BlackElo "2094"]
[WhiteFideId "24129151"]
[BlackFideId "4138422"]
[EventDate "2017.10.02"]
[EventType "blitz"]

1. e4 e5 2. Nf3 Nc6 3. Bc4 Nf6 4. d3 h6 5. O-O d6 6. c3 g6 7. Re1 Bg7 8. d4 O-O
9. h3 Kh7 10. Nbd2 a6 11. a4 Qe7 12. Nf1 Nd8 13. Bd3 Rb8 14. a5 Nh5 15. Ne3 Nf4
16. Nd5 Nxd5 17. exd5 f6 18. Kh1 Nf7 19. c4 f5 20. dxe5 dxe5 21. Bc2 Bd7 22. b3
e4 23. Nd4 c5 24. dxc6 Bxc6 25. Nxc6 bxc6 26. Rb1 Rfd8 27. Qe2 Bc3 28. Rf1 Bxa5
29. f3 e3 30. Qxe3 Qxe3 31. Bxe3 Bc3 32. Rbd1 Re8 33. Bf4 Rbd8 34. Bc7 Rc8 35.
Bb6 a5 36. Rd7 Kg7 37. c5 Kf6 38. Bd3 Ne5 39. Rd6+ Kf7 40. Ba6 Rb8 41. f4 Nd7
42. Rxd7+ Re7 43. Bc4+ Kf6 44. Bd8 1-0

[Event "ch-RUS Blitz Women 2017"]
[Site "Sochi RUS"]
[Date "2017.10.02"]
[Round "18.11"]
[White "Bykova, Anastasia"]
[Black "Tomilova, Elena"]
[Result "1-0"]
[WhiteTitle "WFM"]
[BlackTitle "WIM"]
[WhiteElo "2234"]
[BlackElo "2307"]
[WhiteFideId "4164970"]
[BlackFideId "4162340"]
[EventDate "2017.10.02"]
[EventType "blitz"]

1. d4 Nf6 2. Nf3 b6 3. Bf4 Bb7 4. e3 h6 5. h3 d6 6. Nbd2 c5 7. c3 Nbd7 8. a4 a6
9. Be2 g5 10. Bg3 Rg8 11. Qc2 h5 12. e4 h4 13. Bh2 e6 14. e5 dxe5 15. dxe5 Nd5
16. Qh7 Rg7 17. Qh8 Qc7 18. Ne4 O-O-O 19. Nd6+ Bxd6 20. Qxg7 Bf8 21. Qxg5 Be7
22. Qd2 c4 23. Qc2 Rg8 24. O-O Nf8 25. Rad1 Ng6 26. Rd4 b5 27. axb5 axb5 28. Rg4
Rd8 29. Rd1 Bc5 30. Nxh4 Nxe5 31. Re4 Bd6 32. Bg3 f5 33. Red4 Bc5 34. Rxd5 Bxd5
35. Nxf5 Kb7 36. Nd4 Nd3 37. Bxc7 1-0

[Event "ch-RUS Blitz Women 2017"]
[Site "Sochi RUS"]
[Date "2017.10.02"]
[Round "18.12"]
[White "Kharmunova, Nadezhda"]
[Black "Gritsayeva, Oksana"]
[Result "1-0"]
[WhiteTitle "WIM"]
[BlackTitle "WFM"]
[WhiteElo "2199"]
[BlackElo "2373"]
[WhiteFideId "4195876"]
[BlackFideId "14104652"]
[EventDate "2017.10.02"]
[EventType "blitz"]

1. e4 c5 2. Nf3 d6 3. d4 cxd4 4. Nxd4 Nf6 5. Nc3 a6 6. g3 e5 7. Nb3 Be7 8. Bg2
Be6 9. O-O O-O 10. Re1 Nbd7 11. Nd2 b5 12. Nf1 b4 13. Na4 Qa5 14. b3 d5 15. exd5
Bxd5 16. Ne3 Bxg2 17. Kxg2 Rfe8 18. Bb2 Nc5 19. Nc4 Qc7 20. Nxc5 Bxc5 21. Rxe5
Rad8 22. Qf3 Nd7 23. Rg5 Bf8 24. Rd1 Nc5 25. Rxd8 Rxd8 26. Be5 Qd7 27. Bxg7 Bxg7
28. Rxc5 Re8 29. Ne3 Qe6 30. Rc6 Qe5 31. Rxa6 Rd8 32. Ra8 Rxa8 33. Qxa8+ Bf8 34.
Qb7 Qb2 1-0

[Event "ch-RUS Blitz Women 2017"]
[Site "Sochi RUS"]
[Date "2017.10.02"]
[Round "18.13"]
[White "Shaydullina, Sandugach"]
[Black "Belenkaya, Dina"]
[Result "0-1"]
[WhiteTitle "WGM"]
[BlackTitle "WGM"]
[WhiteElo "2185"]
[BlackElo "2346"]
[WhiteFideId "4140389"]
[BlackFideId "24142654"]
[EventDate "2017.10.02"]
[EventType "blitz"]

1. d4 d5 2. Nf3 Nf6 3. c4 dxc4 4. e3 e6 5. Bxc4 a6 6. O-O c5 7. Qe2 b5 8. Bd3
cxd4 9. exd4 Bb7 10. a4 bxa4 11. Rxa4 Be7 12. Nc3 O-O 13. Bg5 a5 14. Ne5 Nbd7
15. Rd1 g6 16. Bh6 Re8 17. Bc4 Nd5 18. Bb5 Nxe5 19. Bxe8 Qxe8 20. Qxe5 Bf6 21.
Nxd5 Bxe5 22. Nb6 Bc7 23. Nxa8 Qxa4 24. Rc1 Bxa8 25. b3 Qd7 26. h3 f6 27. f3
Qxd4+ 28. Kh1 Qd6 29. f4 Qd5 30. Rg1 Bb6 0-1

[Event "ch-RUS Blitz Women 2017"]
[Site "Sochi RUS"]
[Date "2017.10.02"]
[Round "18.14"]
[White "Potapova, Margarita"]
[Black "Bezgodova, Svetlana"]
[Result "0-1"]
[WhiteTitle "WFM"]
[BlackTitle "WIM"]
[WhiteElo "2163"]
[BlackElo "2060"]
[WhiteFideId "14126869"]
[BlackFideId "4110650"]
[EventDate "2017.10.02"]
[EventType "blitz"]

1. e4 e5 2. Nf3 Nc6 3. Bb5 a6 4. Ba4 Nf6 5. O-O Be7 6. Re1 b5 7. Bb3 d6 8. c3
O-O 9. h3 Na5 10. Bc2 c5 11. d4 Bb7 12. Nbd2 cxd4 13. cxd4 exd4 14. Nxd4 Re8 15.
Nf5 Bf8 16. a4 b4 17. b3 g6 18. Ng3 Bg7 19. Bb2 Rc8 20. Rc1 Qb6 21. Qf3 Nxe4 22.
Bxg7 Nxd2 23. Qf6 Rxe1+ 24. Rxe1 Qd8 25. Re7 Qxe7 26. Qxe7 Kxg7 27. Bd3 Ndxb3
28. Be4 d5 29. Bxd5 Bxd5 30. Qe5+ Kg8 31. Qxd5 Nc5 32. Qg5 b3 33. Nf5 b2 34.
Ne7+ Kf8 35. Nxc8 b1=Q+ 36. Kh2 Qb8+ 37. f4 Qxc8 38. Qh6+ Kg8 39. h4 Qf5 0-1